| 000 | 00818nam a22002177a 4500 | ||
|---|---|---|---|
| 003 | 0 | ||
| 005 | 20250120082834.0 | ||
| 008 | 160108b xxu||||| |||| 00| 0 eng d | ||
| 050 |
_aPHS LB 1060 _b.C545 2015 |
||
| 100 | _aChoi, Jia | ||
| 245 |
_aA study on the frequency of listening to classical music and its effects on academic behavior of 11th grade students _cJia Choi |
||
| 260 |
_aLas PiƱas, Philippines : _bSouthville International School and Colleges, _c2015. |
||
| 300 |
_bv, 35 p. : _aill. ; _c28 cm. |
||
| 504 | _aIncludes bibliographical references. | ||
| 650 |
_aAcademic achievement _vPsychological aspects. |
||
| 650 |
_aMusic _vPsychological aspects. |
||
| 650 |
_aClassical music _vPsychological aspects. |
||
| 650 |
_aStudents _vPsychology. |
||
| 650 | _aMusic and learning. | ||
| 942 |
_2lcc _cPASS |
||
| 999 |
_c289050 _d289050 |
||